[Event "ESP-ch U10"]
[Site "Salobrena"]
[Date "2023.07.08"]
[Round "9"]
[White "Boluda Costa, Julen"]
[Black "Simion, Edward Matei"]
[Result "1-0"]
[WhiteElo "1411"]
[BlackElo "1121"]
[PlyCount "83"]
[EventDate "2023.07.03"]
[EventType "swiss"]
[EventRounds "9"]
[EventCountry "ESP"]
[SourceTitle "EXT 2024"]
[Source "ChessBase"]
[SourceDate "2023.10.10"]
[SourceVersion "1"]
[SourceVersionDate "2023.10.10"]
[SourceQuality "1"]

1. Nf3 d5 2. g3 c5 3. Bg2 Nc6 4. d4 e6 5. 0-0 Nf6 6. c4 dxc4 7. Qa4 Qd7 8. dxc5 Bxc5 9. Rd1 Qe7 10. Ne5 Qc7 11. Bf4 b5 12. Bxc6+ Qxc6 13. Nxc6 0-0 14. Qxb5 Bb6 15. Ne7+ Kh8 16. Bg5 Bd7 17. Qe5 Bxf2+ 18. Kh1 Bc8 19. Qxf6 Bb7+ 20. Rd5 Bxd5+ 21. Nxd5 Rfd8 22. Ne7 h6 23. Qf3 Bc5 24. Bf6 Rd1+ 25. Kg2 Rg1+ 26. Kh3 Bxe7 27. Qxa8+ Kh7 28. Qxa7 Rf1 29. Bxe7 Rf5 30. Qd4 Rh5+ 31. Bh4 g5 32. Qf6 g4+ 33. Kxg4 Rf5 34. Qd4 h5+ 35. Kh3 e5 36. Qe4 Kg6 37. g4 hxg4+ 38. Kxg4 Kg7 39. Qxf5 Kf8 40. Bf6 Kg8 41. Qh5 c3 42. Qh8# 1-0

[Event "ESP-ch U10"]
[Site "Salobrena"]
[Date "2023.07.06"]
[Round "6"]
[White "Perea Fruet, Alba"]
[Black "Boluda Costa, Julen"]
[Result "0-1"]
[WhiteElo "1152"]
[BlackElo "1411"]
[PlyCount "56"]
[EventDate "2023.07.03"]
[EventType "swiss"]
[EventRounds "9"]
[EventCountry "ESP"]
[SourceTitle "EXT 2024"]
[Source "ChessBase"]
[SourceDate "2023.10.10"]
[SourceVersion "1"]
[SourceVersionDate "2023.10.10"]
[SourceQuality "1"]

1. d4 Nf6 2. Nf3 g6 3. Bf4 Bg7 4. Nc3 d5 5. Qd2 Ne4 6. Qe3 Bf5 7. h3 c5 8. Be5 f6 9. Bxb8 Nxc3 10. Qxc3 Rxb8 11. e3 0-0 12. Bd3 cxd4 13. Nxd4 Rc8 14. Qd2 Bxd3 15. Qxd3 e5 16. Ne6 Qa5+ 17. c3 Rfe8 18. Nxg7 Kxg7 19. 0-0 e4 20. Qd2 Re5 21. Rfd1 Kf7 22. Qd4 Ke6 23. g4 h5 24. f4 exf3 25. Qf4 hxg4 26. Qxg4+ Rf5 27. Qxg6 Rg5+ 28. Qxg5 fxg5 0-1